| 000 | 01991nam a2200409Ia 4500 | ||
|---|---|---|---|
| 001 | ebr10405117 | ||
| 003 | CaPaEBR | ||
| 006 | m u | ||
| 007 | cr cn||||||||| | ||
| 008 | 100329s2010 dcuab sb 000 0 eng d | ||
| 020 | _z0309151236 | ||
| 020 | _z9780309151238 | ||
| 040 |
_aCaPaEBR _cCaPaEBR |
||
| 035 | _a(OCoLC)665095344 | ||
| 050 | 1 | 4 |
_aQC869.4.U6 _bN63 2010eb |
| 245 | 0 | 0 |
_aNOAA's education program _h[electronic resource] : _breview and critique / _cJohn W. Farrington and Michael A. Feder, editors. |
| 246 | 3 | _aNational Oceanic and Atmospheric Administration education program | |
| 260 |
_aWashington, D.C. : _bNational Academies Press, _cc2010. |
||
| 300 |
_axiv, 184 p. : _bill., map. |
||
| 504 | _aIncludes bibliographical references (p. 151-159). | ||
| 533 |
_aElectronic reproduction. _bPalo Alto, Calif. : _cebrary, _d2010. _nAvailable via World Wide Web. _nAccess may be limited to ebrary affiliated libraries. |
||
| 610 | 1 | 0 |
_aUnited States. _bNational Oceanic and Atmospheric Administration. |
| 610 | 1 | 0 |
_aUnited States. _bNational Oceanic and Atmospheric Administration. _bOffice of Education. |
| 650 | 0 |
_aEnvironmental sciences _xStudy and teaching _zUnited States. |
|
| 650 | 0 |
_aMeteorology _xStudy and teaching _zUnited States. |
|
| 650 | 0 |
_aOceanography _xStudy and teaching _zUnited States. |
|
| 650 | 0 |
_aMarine resources _xStudy and teaching _zUnited States. |
|
| 650 | 0 |
_aCoastal zone management _xStudy and teaching _zUnited States. |
|
| 650 | 0 |
_aEarth sciences _xStudy and teaching _zUnited States. |
|
| 650 | 0 |
_aGovernment aid to education _zUnited States. |
|
| 655 | 7 |
_aElectronic books. _2local |
|
| 700 | 1 | _aFarrington, John W. | |
| 700 | 1 |
_aFeder, Michael A., _d1977- |
|
| 710 | 2 |
_aNational Research Council (U.S.). _bCommittee for the Review of the NOAA Education Program. |
|
| 710 | 2 | _aebrary, Inc. | |
| 856 | 4 | 0 |
_uhttp://site.ebrary.com/lib/rucke/Doc?id=10405117 _zAn electronic book accessible through the World Wide Web; click to view |
| 999 |
_c185103 _d185103 |
||